| 000 | 00636nam a22001697a 4500 | ||
|---|---|---|---|
| 999 |
_c14990 _d14990 |
||
| 008 | 200204b ||||| |||| 00| 0 eng d | ||
| 082 |
_22014 _aUT 1434 _bAl75 |
||
| 100 |
_aAlpuerto, Stephen T. _941608 |
||
| 245 |
_aViewing of Grade Via Online and SMS/ _c Stephen T. Alpuerto,Lucky Sayn C.Deloso, Arnel Jay G. Estimada |
||
| 260 |
_aDigos City _bUMDC _cMarch 2014 |
||
| 300 |
_a152 pages _c30 cm |
||
| 650 |
_aTechnical Education _vInformation Technology _xUndergraduate Thesis _941335 |
||
| 700 |
_aAlpuerto, Stephen T. _941609 |
||
| 700 |
_aDeloso, Lucky Sayn C. _941610 |
||
| 700 |
_a Estimada, Arnel Jay G. _941611 |
||
| 942 |
_2ddc _cUT |
||